<?xml version="1.0" encoding="UTF-8"?>
<record
    xmlns:xsi="http://www.w3.org/2001/XMLSchema-instance"
    xsi:schemaLocation="http://www.loc.gov/MARC21/slim http://www.loc.gov/standards/marcxml/schema/MARC21slim.xsd"
    xmlns="http://www.loc.gov/MARC21/slim">

  <leader>00590nam a22001817a 4500</leader>
  <controlfield tag="005">20240305113412.0</controlfield>
  <controlfield tag="008">240305b        |||||||| |||| 00| 0 eng d</controlfield>
  <datafield tag="020" ind1=" " ind2=" ">
    <subfield code="a">9788179253984</subfield>
  </datafield>
  <datafield tag="041" ind1=" " ind2=" ">
    <subfield code="a">Eng.</subfield>
  </datafield>
  <datafield tag="082" ind1=" " ind2=" ">
    <subfield code="a">720.95</subfield>
    <subfield code="b">DEU</subfield>
  </datafield>
  <datafield tag="100" ind1=" " ind2=" ">
    <subfield code="a">Deulgaonkar A.</subfield>
    <subfield code="9">205941</subfield>
  </datafield>
  <datafield tag="245" ind1=" " ind2=" ">
    <subfield code="a">Laurie Baker: Truth In Architecture</subfield>
  </datafield>
  <datafield tag="260" ind1=" " ind2=" ">
    <subfield code="a">Mumbai</subfield>
    <subfield code="b">Jyotsna Prakashan</subfield>
    <subfield code="c">2014</subfield>
  </datafield>
  <datafield tag="300" ind1=" " ind2=" ">
    <subfield code="a">196 p</subfield>
    <subfield code="b">PB</subfield>
    <subfield code="c">21 x 15 cm</subfield>
  </datafield>
  <datafield tag="365" ind1=" " ind2=" ">
    <subfield code="a">INR</subfield>
    <subfield code="b">1050.00</subfield>
    <subfield code="c">Rupaye</subfield>
  </datafield>
  <datafield tag="500" ind1=" " ind2=" ">
    <subfield code="a">1) Foreword
2) Preface 
3) Birmingham to Trivandrum
4) The Architectural Schools And Baker
5) Music of archtecture
) </subfield>
  </datafield>
  <datafield tag="942" ind1=" " ind2=" ">
    <subfield code="c">BK</subfield>
  </datafield>
  <datafield tag="999" ind1=" " ind2=" ">
    <subfield code="c">357395</subfield>
    <subfield code="d">357395</subfield>
  </datafield>
  <datafield tag="952" ind1=" " ind2=" ">
    <subfield code="0">0</subfield>
    <subfield code="1">0</subfield>
    <subfield code="2">ddc</subfield>
    <subfield code="4">0</subfield>
    <subfield code="7">0</subfield>
    <subfield code="8">Book of B Arch</subfield>
    <subfield code="a">BNCA</subfield>
    <subfield code="b">BNCA</subfield>
    <subfield code="d">2024-03-05</subfield>
    <subfield code="e">Word Bookshop</subfield>
    <subfield code="f">B.Arch.</subfield>
    <subfield code="g">245.00</subfield>
    <subfield code="i">2382</subfield>
    <subfield code="l">6</subfield>
    <subfield code="m">2</subfield>
    <subfield code="o">720.95 DEU</subfield>
    <subfield code="p">BNCA-BK-12571</subfield>
    <subfield code="r">2026-02-23 12:06:04</subfield>
    <subfield code="s">2026-02-16</subfield>
    <subfield code="t">30%</subfield>
    <subfield code="v">1050.00</subfield>
    <subfield code="w">2024-02-28</subfield>
    <subfield code="y">BK</subfield>
  </datafield>
  <datafield tag="952" ind1=" " ind2=" ">
    <subfield code="0">0</subfield>
    <subfield code="1">0</subfield>
    <subfield code="2">ddc</subfield>
    <subfield code="4">0</subfield>
    <subfield code="7">0</subfield>
    <subfield code="8">Book of B Arch</subfield>
    <subfield code="a">BNCA</subfield>
    <subfield code="b">BNCA</subfield>
    <subfield code="d">2024-03-05</subfield>
    <subfield code="e">Word Bookshop</subfield>
    <subfield code="f">B.Arch.</subfield>
    <subfield code="g">245.00</subfield>
    <subfield code="i">2382</subfield>
    <subfield code="l">9</subfield>
    <subfield code="o">720.95 DEU</subfield>
    <subfield code="p">BNCA-BK-12572</subfield>
    <subfield code="r">2026-03-13 12:44:30</subfield>
    <subfield code="s">2026-03-13</subfield>
    <subfield code="t">30%</subfield>
    <subfield code="v">1050.00</subfield>
    <subfield code="w">2024-02-28</subfield>
    <subfield code="y">BK</subfield>
  </datafield>
  <datafield tag="952" ind1=" " ind2=" ">
    <subfield code="0">0</subfield>
    <subfield code="1">0</subfield>
    <subfield code="2">ddc</subfield>
    <subfield code="4">0</subfield>
    <subfield code="7">0</subfield>
    <subfield code="8">Book of B Arch</subfield>
    <subfield code="a">BNCA</subfield>
    <subfield code="b">BNCA</subfield>
    <subfield code="d">2024-03-05</subfield>
    <subfield code="e">Word Bookshop</subfield>
    <subfield code="f">B.Arch.</subfield>
    <subfield code="g">245.00</subfield>
    <subfield code="i">2382</subfield>
    <subfield code="l">14</subfield>
    <subfield code="o">720.95 DEU</subfield>
    <subfield code="p">BNCA-BK-12573</subfield>
    <subfield code="r">2026-02-25 12:46:08</subfield>
    <subfield code="s">2026-01-29</subfield>
    <subfield code="t">30%</subfield>
    <subfield code="v">1050.00</subfield>
    <subfield code="w">2024-02-28</subfield>
    <subfield code="y">BK</subfield>
  </datafield>
</record>
